| 000 | 01161cam a22002775a 4500 | ||
|---|---|---|---|
| 001 | 17566860 | ||
| 005 | 20180517105701.0 | ||
| 008 | 121218t2013 gw a frb 101 0 eng d | ||
| 020 | _a9783642362873 | ||
| 040 |
_aHUA _beng _cHUA _dOCLCO _dBTCTA _dOCLCA _dOCLCF _dOCLCO _dOCL _dOCLCO _dOCLCQ _dCDX _dYDXCP _dBWX _dDLC _dEG-ScBUE |
||
| 082 | 0 | 4 |
_222 _a006.312 _bAGE |
| 111 | 2 |
_aADMI 2012 _d(2012 : _cValencia, Spain) |
|
| 245 | 1 | 0 |
_aAgents and data mining interaction : _b8th International Workshop, ADMI 2012, Valencia, Spain, June 4-5, 2012 : revised selected papers / _ceditor Longbing Cao ... [et al.] |
| 246 | 3 | 0 | _aADMI 2012 |
| 260 |
_aBerlin ; _aNew York : _bSpringer, _cc.2013. |
||
| 300 |
_axii, 215 p. : _bill. ; _c24 cm. |
||
| 490 | 0 |
_aLecture notes in artificial intelligence, _x0302-9743 ; _v7607 |
|
| 490 | 0 | _aLNCS sublibrary. SL 7, Artificial intelligence. | |
| 504 | _aIncludes bibliographical references and index. | ||
| 650 | 7 |
_aData mining _vCongresses. _2BUEsh _941074 |
|
| 650 | 7 |
_aIntelligent agents (Computer software) _vCongresses. _2BUEsh |
|
| 651 | _2BUEsh | ||
| 653 |
_bCOMSCI _cMay2018 |
||
| 700 | 1 |
_aCao, Longbing, _d1969- _eeditor. |
|
| 942 | _2ddc | ||
| 999 |
_c26740 _d26712 |
||